00445nam a2200169Ia 4500003000400000008004100004040001600045082001300061100001700074245005900091700002100150260003200171300001000203650001400213650002600227650002200253GCL140319s9999 xx 000 0 eng d aGCL / cGCL04a628bE P1 aENNOS, A. R.10aPROBLSM SOLVING ENVIRONMENTAL BIOLOGY / cENNOS, A. R.1 aBAILEY, S. E. R. a[S.N] : bLONGMAN ، c1995 a175 P04aEXERCISES04aENVIRONMENTAL SCIENCE04aECOLOGY, PROBLEMS